Cast of Cheers Quiz Stats

 Plays Quiz Updated Aug 27, 2012

Score 0/10 Timer 03:00
1 Play Today
Character Actor % Correct
Sam MaloneTed Danson
95.3%
Woody Boyd Woody Harrelson
88.7%
Dr. Frasier CraneKelsey Grammer
82.7%
Rebecca Howe Kirstie Alley
73.9%
Carla Tortelli Rhea Perlman
73.8%
Diane Chambers Shelley Long
68.3%
Norm Peterson George Wendt
61.2%
Cliff ClavinJohn Ratzenberger
57.2%
Dr. Lilith Sternin-CraneBebe Neuwirth
41.5%
Ernie 'Coach' PantussoNicholas Colasanto
13.3%

You're not logged in!

Compare scores with friends on all Sporcle quizzes.
OR
Log In

Sporcle TV

Today on Sporcle TV


Watch our educational content, quiz creation guides, and fun videos on Sporcle TV.

Show Comments

Extras

Top Quizzes Today


Score Distribution

Your Account Isn't Verified!

In order to create a playlist on Sporcle, you need to verify the email address you used during registration. Go to your Sporcle Settings to finish the process.

Report this User

Report this user for behavior that violates our Community Guidelines.

Details: